1814 1059 1800 1066 1541 1493 1196 1727 1019 1681 1401 1163 1804 1240 1367 1073 1433 1986 1051 1766 1899 1447 1783 1003 1666 1342 1818 1593 1295 1461 1134 1843 1667 1801 1880 1312 1826 1875 1933 1410 1562 1665 1257 1000 1091 1214 1996 1793 1885 1382 1160 1543 1453 1594 1295 1985 1756 1236 1907 1566 1699 1223 1838 1358 1611 1486 1434 1758 1447 1273 1355 1599 1907 1124 1072 1812 1471 1467 1051 1030 1565 1433 1547 1887 1542 1735 1417 1008 1168 1136 1825 1012 1984 1604 1304 1697 1152 1869 1320 BCNSPRNW ULIB Ver.6.0+V

เปลี่ยนเป็นภาษาไทย

Change to English
 แสดงรายละเอียดบรรณานุกรม
  กลับหน้าหลัก

Brief Record : Get Marc (ISO 2709) : E-mail record : QR code < ปิดหน้าต่าง
LEADER : 00000nam 2200000uu 4500
001    13399108162
003     ULIB
008    110220s2549||||th 000 0 tha d
020    9789748817965 (ล.1)
060 04 WY150^bส676 ล.1 2549
245 00 สาระทบทวน :^bการพยาบาลผู้ใหญ่ /^cบรรณาธิการ, ละเอียดแจ่มจันทร์, สุรี ขันธรักษวงศ์
246 30 การพยาบาลผู้ใหญ่
250    พิมพ์ครั้งที่ 2
260    กรุงเทพฯ :^bจุดทอง, ^c2549
300    2 เล่ม ;^c26 ซม.
650  7 การพยาบาลโรคผิวหนัง
650  7 การพยาบาลอายุรศาสตร์
700 0  ละเอียด แจ่มจันทร์,^eบรรณาธิการ
700 0  สุรี ขันธรักษวงศ์,^eบรรณาธิการ
945    ^p0^l0^i019336
995    ทศพร
999 ^a ใช้งานได้ทุกระบบ
รายการนี้ยังไม่มีแท็ก
คุณยังไม่ได้ล็อกอิน คุณสามารถมีกิจกรรมร่วมกับเว็บไซต์ได้ แต่ต้องล็อกอินก่อน ::
  ล็อกอิน

รายการสื่อสารสนเทศ

ลำดับที่ ประเภท เลขเรียก/บาร์โค้ด สถานที่ สถานะ
- ไม่พบข้อมูล -

รายการใกล้เคียง
    หัวเรื่อง [การพยาบาลโรคผิวหนัง]
    หัวเรื่อง [การพยาบาลอายุรศาสตร์]

BibComment


ยังไม่เคยถูกคอมเมนท์

คอมเมนท์ทรัพยากรรายการนี้
  คอมเมนท์: สาระทบทวน การพยา..


 Copyright 2026. Bcnsprnw @Library